Normotvorná právomoc obcí.

Ústavné zákony, ktoré zakotvujú právo obcí vydávať vo veciach miestnej samosprávy normatívne akty - všeobecne záväzné vyhlášky. Podmienky za akých možno všeobecne záväzné nariadenia obce vydávať. Postup v prípade, že by nariadenie obce bolo v rozpore s ústavou a zákonom. Obsah zákona SNR č. 369/1991...

Descrizione completa

Salvato in:
Dettagli Bibliografici
Autore principale: Filko, Ján
Natura: Capitolo di libro
Lingua:slovacco
Soggetti:
Tags: Aggiungi Tag
Nessun Tag, puoi essere il primo ad aggiungerne!!

MARC

LEADER 00000naa a2200000 4500
001 r007993
005 20220831085548.0
041 0 |a slo 
044 |a [CS] 
245 1 0 |a Normotvorná právomoc obcí.  |c J. Filko 
520 |a Ústavné zákony, ktoré zakotvujú právo obcí vydávať vo veciach miestnej samosprávy normatívne akty - všeobecne záväzné vyhlášky. Podmienky za akých možno všeobecne záväzné nariadenia obce vydávať. Postup v prípade, že by nariadenie obce bolo v rozpore s ústavou a zákonom. Obsah zákona SNR č. 369/1991 Zb. o obecnom zriadení. 
610 2 0 |a obce 
610 2 0 |a právomoc 
610 2 0 |a normy právne 
610 2 0 |a zákony 
610 2 0 |a vyhlášky 
610 2 0 |a správa miestna 
610 2 0 |a samospráva 
100 1 |a Filko, Ján